000 00419nam a2200169Ia 4500
008 230524s9999 xx 000 0 und d
082 _a330
_bBEC
100 _aC.R.Bector
245 0 _aPrinciples of Optimization Theory
250 _a1ST
260 _aNEW DELHI
_bNarosa
_c2005
300 _aXIV;224
500 _aQuantity Number: 2
650 _aMathematics
700 _a" S.Chandra , J.Dutta,,,"
942 _cBK
999 _c21260
_d21260